[Event "Dortmund Sparkassen op-A"]
[Site "Dortmund"]
[Date "2012.07.21"]
[Round "8"]
[White "Kartsev, Alex"]
[Black "Schiefelbusch, Dirk"]
[Result "1/2-1/2"]
[WhiteElo "2208"]
[BlackElo "2109"]
[PlyCount "80"]
[EventDate "2012.07.14"]
[EventType "swiss"]
[EventRounds "9"]
[EventCountry "GER"]
[SourceTitle "CBM 149 Extra"]
[Source "ChessBase"]
[SourceDate "2012.08.24"]
[SourceVersion "1"]
[SourceVersionDate "2012.08.24"]
[SourceQuality "1"]

1. e4 c6 2. d4 d5 3. Nc3 dxe4 4. Nxe4 Bf5 5. Ng3 Bg6 6. h4 h6 7. Nf3 Nd7 8. h5 Bh7 9. Bd3 Bxd3 10. Qxd3 e6 11. Bf4 Qa5+ 12. Bd2 Bb4 13. c3 Be7 14. Ne4 Ngf6 15. c4 Qc7 16. 0-0-0 Nxe4 17. Qxe4 Nf6 18. Qe2 0-0-0 19. Kb1 c5 20. Rh4 cxd4 21. Nxd4 Rd7 22. Nb5 Qb6 23. c5 Bxc5 24. Rc1 Kb8 25. Bf4+ Ka8 26. Nc7+ Rxc7 27. Bxc7 Qxc7 28. b4 Nd7 29. bxc5 Nxc5 30. Rhc4 b6 31. Qf3+ Kb8 32. Rd1 Rc8 33. Qg4 f6 34. Qd4 Qf7 35. Qd6+ Kb7 36. Rg4 Rc7 37. Qg3 e5 38. Qf3+ e4 39. Qf4 Ka6 40. Rd4 Qe8 1/2-1/2

[Event "Dortmund Sparkassen op-A"]
[Site "Dortmund"]
[Date "2012.07.18"]
[Round "5"]
[White "Brem, Stephan"]
[Black "Kartsev, Alex"]
[Result "1-0"]
[WhiteElo "2121"]
[BlackElo "2208"]
[PlyCount "81"]
[EventDate "2012.07.14"]
[EventType "swiss"]
[EventRounds "9"]
[EventCountry "GER"]
[SourceTitle "CBM 149 Extra"]
[Source "ChessBase"]
[SourceDate "2012.08.24"]
[SourceVersion "1"]
[SourceVersionDate "2012.08.24"]
[SourceQuality "1"]

1. f4 d5 2. Nf3 g6 3. e3 Bg7 4. Be2 Nf6 5. 0-0 0-0 6. d3 c5 7. Nc3 Nc6 8. Ne5 Qc7 9. Nxc6 Qxc6 10. Bf3 Rd8 11. Qe2 Qb6 12. e4 c4+ 13. Kh1 d4 14. Nd1 cxd3 15. cxd3 Be6 16. g4 Rac8 17. b3 Qa6 18. Bb2 Rc7 19. f5 Bd7 20. Nf2 Bc6 21. g5 Nd7 22. Ng4 Ne5 23. Nxe5 Bxe5 24. fxg6 hxg6 25. Bg4 Bb5 26. Rf3 e6 27. a4 Be8 28. Ba3 Qb6 29. Qd1 Rdc8 30. Rf2 Rc3 31. Rb1 Qc7 32. Qf1 Bxa4 33. Bxe6 fxe6 34. Rf8+ Kg7 35. Qh3 Rxf8 36. Qh6+ Kg8 37. Qxf8+ Kh7 38. Qh6+ Kg8 39. Qxg6+ Bg7 40. Rf1 Bxb3 41. Rf8# 1-0

[Event "GER-ch U16"]
[Site "Willingen"]
[Date "2009.06.06"]
[Round "9"]
[White "Kartsev, Alex"]
[Black "Guennigmann, Manuel"]
[Result "0-1"]
[WhiteElo "2074"]
[BlackElo "2133"]
[PlyCount "116"]
[EventDate "2009.05.30"]
[EventType "swiss"]
[EventRounds "9"]
[EventCountry "GER"]
[SourceTitle "CBM 130 Extra"]
[Source "ChessBase"]
[SourceDate "2009.07.02"]
[SourceVersion "2"]
[SourceVersionDate "2009.07.15"]
[SourceQuality "1"]

1. e4 c5 2. c3 d5 3. exd5 Qxd5 4. d4 Nc6 5. Nf3 Bg4 6. Be2 e6 7. 0-0 cxd4 8. cxd4 Nf6 9. h3 Bh5 10. Be3 Be7 11. Nc3 Qd6 12. Qb3 0-0 13. Rfd1 Rfd8 14. Rac1 Qb4 15. Qxb4 Nxb4 16. g4 Bg6 17. Ne5 Nbd5 18. Bf3 Bd6 19. Nxg6 hxg6 20. g5 Nxc3 21. bxc3 Nd5 22. c4 Nxe3 23. fxe3 Rab8 24. Kf2 b6 25. h4 Be7 26. a4 Bb4 27. Rb1 a5 28. Be2 Rbc8 29. Kf3 Kf8 30. Kf4 Ke7 31. e4 Rh8 32. Rh1 Rcd8 33. Rbd1 Bc3 34. Ke3 Rh7 35. Rd3 Bb4 36. Kf4 Rdh8 37. Rdh3 Bd2+ 38. Kg4 f5+ 39. gxf6+ gxf6 40. Rb1 Bb4 41. Rbh1 f5+ 42. Kg3 Bc3 43. h5 g5 44. d5 g4 45. Rh4 Bf6 46. dxe6 Bxh4+ 47. Rxh4 Rxh5 48. Rxh5 Rxh5 49. exf5 Rxf5 50. Bxg4 Rc5 51. Be2 Kxe6 52. Kf4 Re5 53. Bg4+ Kd6 54. Bd7 Re7 55. Bb5 Kc5 56. Kf3 Re1 57. Kf2 Re4 58. Kf3 Rxc4 0-1

[Event "GER-ch U16"]
[Site "Willingen"]
[Date "2009.06.05"]
[Round "8"]
[White "Butschek, Marc"]
[Black "Kartsev, Alex"]
[Result "0-1"]
[WhiteElo "1855"]
[BlackElo "2074"]
[PlyCount "51"]
[EventDate "2009.05.30"]
[EventType "swiss"]
[EventRounds "9"]
[EventCountry "GER"]
[SourceTitle "CBM 130 Extra"]
[Source "ChessBase"]
[SourceDate "2009.07.02"]
[SourceVersion "2"]
[SourceVersionDate "2009.07.15"]
[SourceQuality "1"]

1. f4 d5 2. Nf3 Nf6 3. g3 Bg4 4. Bg2 Bxf3 5. Bxf3 Nbd7 6. d3 e5 7. Nc3 c6 8. e4 dxe4 9. dxe4 Bc5 10. Qe2 Qb6 11. Kf1 Bd4 12. Kg2 0-0-0 13. a4 Nc5 14. Qc4 Rhe8 15. Qxf7 exf4 16. Bxf4 Rd7 17. Bg4 Qxb2 18. Bxd7+ Ncxd7 19. Rhe1 Bxc3 20. Rad1 Rf8 21. Qe6 Bxe1 22. Rxe1 Qxc2+ 23. Kh3 Qxa4 24. e5 Nd5 25. Bd2 Qc2 26. Bg5 0-1

[Event "Recklinghausen op 15th"]
[Site "Recklinghausen"]
[Date "2005.08.05"]
[Round "5"]
[White "Reichelt, Manfred"]
[Black "Kartsev, Alex"]
[Result "1-0"]
[WhiteElo "2092"]
[BlackElo "2196"]
[PlyCount "69"]
[EventDate "2005.08.01"]
[EventType "swiss"]
[EventRounds "7"]
[EventCountry "GER"]
[SourceTitle "CBM 107 Extra"]
[Source "ChessBase"]
[SourceDate "2005.09.01"]
[SourceVersion "1"]
[SourceVersionDate "2005.09.01"]
[SourceQuality "1"]

1. e4 d5 2. exd5 Nf6 3. d4 Nxd5 4. c4 Nb6 5. Nf3 Bg4 6. Be2 Nc6 7. d5 Bxf3 8. Bxf3 Ne5 9. Be2 Qd7 10. Qb3 0-0-0 11. Nc3 e6 12. 0-0 exd5 13. cxd5 f5 14. Bg5 Be7 15. Bxe7 Qxe7 16. a4 h5 17. Rac1 a6 18. Rfd1 Rd6 19. a5 Nbd7 20. Na4 Ng4 21. Qc2 Nde5 22. f3 Nf6 23. f4 Nf7 24. Qxf5+ Kb8 25. Bf3 Qe3+ 26. Kh1 Nh6 27. Qe5 Re8 28. Qxe3 Rxe3 29. Nc5 Nf5 30. Rc3 Rxc3 31. bxc3 Ne3 32. Rb1 b6 33. Nxa6+ Ka7 34. Nxc7 bxa5 35. Nb5+ 1-0

[Event "RUS-ch U18"]
[Site "Rybinsk"]
[Date "2001.??.??"]
[Round "2"]
[White "Kartsev, Alex"]
[Black "Katolikov, Oleg"]
[Result "1-0"]
[WhiteElo "2191"]
[BlackElo "2310"]
[PlyCount "63"]
[EventDate "2001.02.??"]
[EventType "swiss"]
[EventRounds "10"]
[EventCountry "RUS"]
[SourceTitle "EXT 2002"]
[Source "ChessBase"]
[SourceDate "2001.11.25"]
[SourceVersion "1"]
[SourceVersionDate "2001.11.25"]
[SourceQuality "1"]

1. d4 Nf6 2. Nf3 g6 3. c4 c5 4. d5 b5 5. cxb5 a6 6. b6 d6 7. Nc3 Nbd7 8. e4 Bg7 9. Be2 0-0 10. 0-0 Nxb6 11. a4 Rb8 12. Nd2 Ne8 13. a5 Nd7 14. Nc4 Nc7 15. Na3 Kh8 16. Kh1 Nf6 17. f4 e6 18. dxe6 Nxe6 19. Nc2 Bb7 20. Bf3 Qd7 21. f5 Nd4 22. Nxd4 cxd4 23. Ne2 Nxe4 24. Bxe4 Bxe4 25. f6 Bxf6 26. Rxf6 Qg4 27. Qf1 Bd3 28. Rxf7 Kg8 29. Rf3 Rbe8 30. Bh6 Rxf3 31. gxf3 Qh5 32. Nf4 1-0

[Event "RUS-chJ U18"]
[Site "Russia"]
[Date "2000.??.??"]
[Round "?"]
[White "Gudimov, Andrei"]
[Black "Kartsev, Alex"]
[Result "1-0"]
[WhiteElo "2182"]
[BlackElo "2285"]
[PlyCount "67"]
[EventDate "2000.??.??"]
[EventType "swiss"]
[EventRounds "11"]
[EventCountry "RUS"]
[SourceTitle "EXT 2001"]
[Source "ChessBase"]
[SourceDate "2000.11.22"]
[SourceVersion "1"]
[SourceVersionDate "2000.11.22"]
[SourceQuality "1"]

1. d4 Nf6 2. c4 g6 3. Nc3 Bg7 4. Nf3 0-0 5. h3 d6 6. Bf4 Nbd7 7. e3 c6 8. Be2 Re8 9. 0-0 a6 10. a4 Nh5 11. Bh2 Qa5 12. Rb1 c5 13. Nd5 Nhf6 14. Nc3 Nb6 15. dxc5 dxc5 16. Bc7 Bf5 17. e4 Bxe4 18. Nxe4 Nxe4 19. Qb3 Nd2 20. Nxd2 Qxd2 21. Bf3 Nc8 22. Bxb7 Ra7 23. Bb8 Rxb7 24. Qxb7 Nd6 25. Bxd6 Qxd6 26. Rfd1 Qf4 27. Qxa6 Be5 28. Qc6 Rb8 29. b3 Qf5 30. Qd7 Qf4 31. g3 Qf3 32. Qd5 Qc3 33. Qxc5 Bxg3 34. Qe3 1-0

[Event "Zeleny Shum-C"]
[Site "Zeleny Shum"]
[Date "2000.??.??"]
[Round "11"]
[White "Perun, Sergey"]
[Black "Kartsev, Alex"]
[Result "1-0"]
[WhiteElo "2403"]
[BlackElo "2285"]
[PlyCount "79"]
[EventDate "2000.??.??"]
[EventType "tourn"]
[EventRounds "11"]
[EventCountry "RUS"]
[EventCategory "3"]
[SourceTitle "EXT 2006"]
[Source "ChessBase"]
[SourceDate "2005.11.24"]
[SourceVersion "1"]
[SourceVersionDate "2005.11.24"]
[SourceQuality "1"]

1. d4 Nf6 2. c4 g6 3. Nc3 Bg7 4. e4 d6 5. Nge2 0-0 6. f3 Nc6 7. Be3 a6 8. Qd2 Rb8 9. a3 e5 10. d5 Ne7 11. b4 Ne8 12. Nc1 f5 13. Nb3 fxe4 14. fxe4 c6 15. 0-0-0 cxd5 16. cxd5 Bg4 17. Re1 Rc8 18. Kb1 Nf6 19. Bd3 Qe8 20. Rc1 Bd7 21. h3 Nh5 22. Na5 Rb8 23. Rc2 Nc8 24. Rhc1 Nf4 25. Bf1 Rf7 26. Ka2 Qf8 27. Bc4 Nh5 28. Ne2 Nf4 29. Ng1 Ba4 30. Rc3 Qd8 31. Bf1 Qf8 32. Rc7 Rxc7 33. Rxc7 b6 34. Nc6 Bxc6 35. dxc6 Kh8 36. Bc4 b5 37. Bb3 Nb6 38. Rf7 Qe8 39. c7 Rb7 40. Qxd6 1-0

[Event "RUS-chJ U18"]
[Site "Russia"]
[Date "2000.??.??"]
[Round "?"]
[White "Rodchenkov, Vitaly"]
[Black "Kartsev, Alex"]
[Result "1-0"]
[WhiteElo "2144"]
[BlackElo "2285"]
[PlyCount "45"]
[EventDate "2000.??.??"]
[EventType "swiss"]
[EventRounds "11"]
[EventCountry "RUS"]
[SourceTitle "EXT 2001"]
[Source "ChessBase"]
[SourceDate "2000.11.22"]
[SourceVersion "1"]
[SourceVersionDate "2000.11.22"]
[SourceQuality "1"]

1. e4 c5 2. c3 d5 3. exd5 Qxd5 4. d4 Nf6 5. Nf3 e6 6. Bd3 cxd4 7. cxd4 Nc6 8. 0-0 Be7 9. Nc3 Qd6 10. Nb5 Qd8 11. Bf4 Nd5 12. Bg3 a6 13. Nc3 Nf6 14. Rc1 0-0 15. Qe2 Nh5 16. Rfd1 Nxg3 17. hxg3 Bg5 18. Nxg5 Qxg5 19. Ne4 Qa5 20. Rc5 Qd8 21. Qh5 g6 22. Qh6 Qxd4 23. Rh5 1-0